000 00336 a2200157 4500
001 76022
020 _a978-85-418-1250-4
040 _cAnchieta - Colégio São Paulo
100 _aTeobaldo, Délcio
240 1 0 _aPivetim
_lpor
245 1 0 _aPivetim
300 _a168
362 0 _a2017
650 4 _aLiteratura juvenil
942 _cBK
999 _c76022
_d76022